[Event "Adelquis Remon Memorial"]
[Site "Cuba"]
[Date "1997.??.??"]
[Round "?"]
[White "Alvarez Perez, Jose"]
[Black "Barrio, D."]
[Result "1-0"]
[WhiteElo "2390"]
[BlackElo "2355"]
[PlyCount "85"]
[EventDate "1997.11.??"]
[EventType "tourn"]
[EventRounds "11"]
[EventCountry "CUB"]
[EventCategory "4"]
[SourceTitle "EXT 2000"]
[Source "ChessBase"]
[SourceDate "1999.11.16"]
[SourceVersion "1"]
[SourceVersionDate "1999.11.16"]
[SourceQuality "1"]

1. d4 Nf6 2. c4 g6 3. Nc3 Bg7 4. e4 d6 5. Nf3 0-0 6. Be2 c5 7. d5 e6 8. 0-0 exd5 9. exd5 Re8 10. h3 Ne4 11. Nxe4 Rxe4 12. Bd3 Re8 13. Bg5 f6 14. Bf4 Na6 15. a3 f5 16. Qd2 Qf6 17. Rab1 b6 18. h4 Bd7 19. b4 Rab8 20. Rfc1 Rbc8 21. b5 Nc7 22. a4 Ra8 23. a5 Reb8 24. Re1 Re8 25. Red1 Reb8 26. Re1 Re8 27. g3 Rxe1+ 28. Rxe1 Re8 29. Kg2 Rxe1 30. Qxe1 Ne8 31. axb6 axb6 32. Bg5 Qf7 33. Bd8 Nf6 34. Qe7 Qxe7 35. Bxe7 Be8 36. Bxd6 Nd7 37. Bc7 Bf6 38. Kf1 Kf7 39. Ng5+ Bxg5 40. hxg5 Ke7 41. Ke2 Kf8 42. Ke3 Kg7 43. g4 1-0

[Event "Adelquis Remon Memorial"]
[Site "Cuba"]
[Date "1997.??.??"]
[Round "?"]
[White "Barrio, D."]
[Black "Gomez Fontal, Felix Manuel"]
[Result "0-1"]
[WhiteElo "2355"]
[BlackElo "2335"]
[PlyCount "120"]
[EventDate "1997.11.??"]
[EventType "tourn"]
[EventRounds "11"]
[EventCountry "CUB"]
[EventCategory "4"]
[SourceTitle "EXT 2000"]
[Source "ChessBase"]
[SourceDate "1999.11.16"]
[SourceVersion "1"]
[SourceVersionDate "1999.11.16"]
[SourceQuality "1"]

1. d4 Nf6 2. c4 c5 3. d5 d6 4. Nc3 g6 5. e4 Bg7 6. f3 0-0 7. Bg5 h6 8. Bf4 a6 9. Qd2 Kh7 10. a4 Qa5 11. Ra3 Nbd7 12. Nge2 Nh5 13. Be3 Ne5 14. Nc1 Qb4 15. Rb3 Nxc4 16. Qe2 Nxe3 17. Rxb4 cxb4 18. Qxe3 bxc3 19. bxc3 Bd7 20. g4 Nf6 21. a5 e6 22. dxe6 Bxe6 23. Ne2 Rfe8 24. Bg2 d5 25. e5 Nd7 26. 0-0 Nxe5 27. Nd4 Nc4 28. Qf2 Bd7 29. f4 Ne3 30. f5 Nxf1 31. Kxf1 Re5 32. f6 Bh8 33. Nf3 Re4 34. g5 Rae8 35. h4 Bg4 36. Kg1 Bxf3 37. Bxf3 Re1+ 38. Kg2 hxg5 39. hxg5 R1e5 40. Qh4+ Kg8 41. Kg3 Rf5 42. Bg4 Re3+ 43. Kg2 Re4 44. Kh3 Re3+ 45. Kg2 Rf4 46. Kh2 Rc4 47. Qf2 Rcxc3 48. Bd1 Red3 49. Qe1 Re3 50. Qf2 Ra3 51. Qc2 Rh3+ 52. Kg2 Rhg3+ 53. Kh2 Rxg5 54. Qc8+ Kh7 55. Qxb7 Bxf6 56. Qxf7+ Bg7 57. Qe7 Rag3 58. Bf3 Kh6 59. Bxd5 Rd3 60. Be4 Be5+ 0-1